Flexible Trusts and Estates for Uncertain Times, 6th Edition

Bibliographic Details
Main Author: Horn, Jerold I.
Format: eBook
Language:English
Published: Chicago: American Bar Association, 2017
Edition:Sexta Edicin̤
Subjects:
Online Access:Acceso restringido

MARC

LEADER 00000nam a22000007a 4500
005 20210224211715.0
007 cr|||| ||||
008 210224s2017 us |||||s|||| 00||0 eng d
020 |a 9781641050104 
035 |a 31222 
040 |a vLex 
090 |c 11251  |d 11251 
100 1 |a Horn, Jerold I. 
245 1 0 |a Flexible Trusts and Estates for Uncertain Times, 6th Edition  |h [Recurso electrn̤ico] /  |c Jerold I. Horn 
250 |a Sexta Edicin̤ 
256 |a Servicio en ln̕ea 
260 |a Chicago:  |b American Bar Association,  |c 2017 
300 |a 1 recurso electrn̤ico 
500 |a An indispensable, up-to-date asset for any trust and estates lawyer. Includes more than 155 sample forms--many with alternative variables--plus 19 complete form documents. 
506 1 |a Disponible solo en los productos indicados  |d vLex Global  |d vLex Global (Academic Edition, excluding Law Schools)  |d vLex Global (Academic Edition, Law Schools) 
650 0 4 |a Derecho Fiscal  |z Estados Unidos 
650 0 4 |a Derecho Pb︢lico y Administrativo  |z Estados Unidos 
650 0 4 |a Derecho Civil  |z Estados Unidos 
740 0 |a vLex Libros (Servicio en ln̕ea) 
856 4 0 |u http://vlex.com/source/flexible-trusts-and-estates-for-uncertain-times-6th-edition-31222  |z Acceso restringido 
942 |c BOOK 
999 0 |a Tax Law 
999 0 |a Public and Administrative Law 
999 0 |a Civil Law